000 00778nam a2200241Ia 4500
003 OSt
005 20220926005528.0
006 a|||||r|||| 00| 0
007 ta
008 220923b |||||||| |||| 00| 0 eng d
037 _cGeneral Book
040 _aRTL
_cRTL
_beng
041 _2eng
_aeng
082 _aY749G:10aR4, K7;L9
100 _aVon Furer-Haimendorf Christoph
_9136422
245 0 _aSouth Asian Socities
_b A study of values and social
260 _a New Delhi
_bSterling Publ
_c1979
300 _axi,239p
_ccm.
500 _aBibliography: p 229-231; Published previously as Morals and Merit
650 _aPakistan Society
942 _hY749G:10aR4, K7;L9
_cGB
_2CC
999 _c614141
_d614141